000 00361nam a2200145Ia 4500
008 230917s9999||||xx |||||||||||||| ||und||
040 _e47028
_aMAIN
041 _aEnglish
082 _a822.33 S15P:S
100 _aParrott, Thomas Marc
245 0 _aShakespeare comedy
260 _aNew York
_bRussell and Russell
_c1949
300 _axiv, 417 p.
942 _cBK
999 _c91375
_d91375